000 00626nam a2200205 a 4500
001 000015016
005 20240412074242.0
008 100129s2006 dr 000 0 spa d
020 _a9945052012
040 _aDO-SdBNP
_bspa
_cBNPHU
082 _aRD863.5
_bM828c
100 1 _aMorales Herrero, Tony,
_d1973-
_933984
245 1 0 _aCuentos a la Dra. Ana /
_cTony Morales Herrero.
260 _aSanto Domingo :
_bCollado,
_c2006.
300 _a56 p. ;
_c22 cm.
590 _aInventariado, 2019/BT
650 0 _aCuentos dominicanos
_9176
650 0 _aLiteratura dominicana.
_967
910 _aValidado. Control de calidad MMOLINA
999 _c14589
_d14589